Trabalho precário e precarização institutcional nos Estados Unidos /
En el texto, se analizan las bases institucionales del trabajo precarizado en los Estados Unidos, a partir de dos elementos: la relación contractual tradicional y la inadaptación de la ley laboral en Estados Unidos. Se considera que la legislación laboral de Estados Unidos, es quien establece los pa...
Kaydedildi:
| Yazar: | |
|---|---|
| Materyal Türü: | Metin |
| Dil: | Portuguese |
| Konular: | |
| Etiketler: |
Etiketle
Etiket eklenmemiş, İlk siz ekleyin!
|
MARC
| LEADER | 00000 a a2200000 04500 | ||
|---|---|---|---|
| 001 | 47435 | ||
| 003 | cru CIDCACS/IIS | ||
| 005 | 20180810141843.0 | ||
| 007 | ta | ||
| 008 | 180810b2010 cr ||||| |||| 00| 0 por d | ||
| 999 | |c 29204 |d 29204 | ||
| 040 | |c cru CIDCACS/IIS | ||
| 100 | |a Kesselman, Donna | ||
| 245 | |a Trabalho precário e precarização institutcional nos Estados Unidos / |c Donna Kesselman | ||
| 520 | |a En el texto, se analizan las bases institucionales del trabajo precarizado en los Estados Unidos, a partir de dos elementos: la relación contractual tradicional y la inadaptación de la ley laboral en Estados Unidos. Se considera que la legislación laboral de Estados Unidos, es quien establece los parámetros de la relación contractual de trabajo, y que la misma, es el mecanismo de acceso a derechos y beneficios sociales básicos. Como resultados del análisis, se observa que existe una contradicción entre la igualdad de oportunidades y el trabajo precario, que, en la práctica, mina las conquistas en derechos sociales tendientes a la inclusión social, puesto que la familia media trabaja más para vivir menos, al mismo tiempo que aumenta el número de trabajadores pobres: el empleo es insuficiente para las condiciones de vida adecuadas. | ||
| 650 | 0 | |9 1512 |a TRABAJADORES | |
| 650 | 0 | |9 1481 |a CONDICIONES DE TRABAJO | |
| 650 | 0 | |9 1467 |a LEGISLACION DEL TRABAJO | |
| 651 | 0 | |9 245 |a ESTADOS UNIDOS | |
| 773 | |g volumen12, número25, (2010), páginas 66-100 | ||
| 942 | |2 ddc |c PP | ||
